| 000 | 00613nam a2200241Ia 4500 | ||
|---|---|---|---|
| 003 | OSt | ||
| 005 | 20221005052056.0 | ||
| 006 | a|||||r|||| 00| 0 | ||
| 007 | ta | ||
| 008 | 221004b |||||||| |||| 00| 0 eng d | ||
| 024 | _a50328 | ||
| 037 | _cTextual | ||
| 040 |
_aCRL _cCRL _beng |
||
| 041 |
_2eng _aeng |
||
| 082 | _aO111,3M82,TA, H1 | ||
| 100 | _aLewis Wyndham | ||
| 245 | 0 | _aTarr | |
| 260 |
_aLondon _bChattoo and Windus UK _c1941 |
||
| 300 |
_a326p. _ccm. |
||
| 650 | _aENGLISH LITERATURE | ||
| 942 |
_hO111,3M82,TA, H1 _cTEXL _2cc |
||
| 999 |
_c959745 _d959745 |
||